000 00517 a2200181 4500
003 OSt
005 20231214134332.0
008 231214b |||||||| |||| 00| 0 eng d
020 _a9788120350922
040 _coclc
082 _a620.11
_bRAG/M
100 1 _aRaghavan, V.
_910118
245 _aMaterials science and engineering :
_ba first course /
_cV Raghavan
250 _a6th ed.
260 _bPHI Learning,
_c2021.
300 _a463 p
942 _2ddc
_cBK
_h620.11
_iRAG/M
_k620.11
_mRAG/M
999 _c44213
_d44213